Фольклор и русское изобразительное искусство второй половины XIX века

গ্রন্থ-পঞ্জীর বিবরন
প্রধান লেখক: Плотников В. И. Виктор Иннокентиевич
ভাষা:রুশ
প্রকাশিত: Ленинград, Художник РСФСР, 1987
বিষয়গুলি:
বিন্যাস: গ্রন্থ
KOHA link:https://koha.lib.tpu.ru/cgi-bin/koha/opac-detail.pl?biblionumber=117987

MARC

LEADER 00000nam0a2200000 4500
001 117987
005 20231031124003.0
035 |a (RuTPU)RU\TPU\book\127699 
090 |a 117987 
100 |a 20070607d1987 m y0rusy50 ca 
101 0 |a rus 
102 |a RU 
105 |a a z 001zy 
200 1 |a Фольклор и русское изобразительное искусство второй половины XIX века  |f В. И. Плотников 
210 |a Ленинград  |c Художник РСФСР  |d 1987 
215 |a 284 с.  |c ил. 
320 |a Библиогр.: с. 251-267. 
320 |a Указатель имен: с. 268-279. 
610 1 |a фольклор 
610 1 |a изобразительное искусство 
610 1 |a 19 век 
675 |a 7  |v 3 
686 |a Ш2/3  |v LBC/SL-A  |2 rubbk 
700 1 |a Плотников  |b В. И.  |g Виктор Иннокентиевич 
801 1 |a RU  |b 63413507  |c 20070607  |g PSBO 
801 2 |a RU  |b 63413507  |c 20080331  |g PSBO 
942 |c BK